[Event "POL-ch Universities"]
[Site "Bydgoszcz"]
[Date "2023.03.10"]
[Round "2"]
[White "Katolik, Kamil"]
[Black "Kumala, Aleksander"]
[Result "0-1"]
[WhiteElo "1751"]
[BlackElo "2165"]
[PlyCount "62"]
[EventDate "2023.03.10"]
[EventType "swiss"]
[EventRounds "9"]
[EventCountry "POL"]
[SourceTitle "CBM 213 Extra"]
[Source "ChessBase"]
[SourceDate "2023.05.31"]
[SourceVersion "1"]
[SourceVersionDate "2023.05.31"]
[SourceQuality "1"]

1. g4 h5 2. g5 e5 3. d3 d5 4. Nf3 Nc6 5. Nc3 Bg4 6. Bg2 h4 7. h3 Be6 8. Bd2 Nge7 9. a3 Ng6 10. b4 a6 11. Na4 Rh5 12. e4 Nf4 13. Bxf4 exf4 14. Qe2 g6 15. exd5 Qxd5 16. c4 Qf5 17. 0-0 b5 18. cxb5 axb5 19. Nc5 Bxc5 20. bxc5 Kf8 21. Qe4 Bd5 22. Qxf5 gxf5 23. Kh2 Ra4 24. Rfe1 Ne7 25. Re5 Bxf3 26. Bxf3 Rxg5 27. Rae1 Ng6 28. Re8+ Kg7 29. Rc8 Rxa3 30. Rd1 Ne5 31. Be2 Ra2 0-1

[Event "EU-ch Rapid"]
[Site "Katowice"]
[Date "2021.12.18"]
[Round "4"]
[White "Gretarsson, Helgi Ass"]
[Black "Katolik, Kamil"]
[Result "1-0"]
[WhiteElo "2469"]
[BlackElo "1751"]
[PlyCount "58"]
[EventDate "2021.12.18"]
[EventType "swiss (rapid)"]
[EventRounds "11"]
[EventCountry "POL"]
[SourceTitle "CBM 205 Extra"]
[Source "ChessBase"]
[SourceDate "2022.01.31"]
[SourceVersion "1"]
[SourceVersionDate "2022.01.31"]
[SourceQuality "1"]

1. d4 d5 2. Nf3 e6 3. g3 c6 4. Bg2 f5 5. 0-0 Nf6 6. c4 Bd6 7. b3 Qe7 8. Bb2 0-0 9. Qc1 Ne4 10. Ba3 Nd7 11. Bxd6 Qxd6 12. Qa3 Qxa3 13. Nxa3 b6 14. Rfc1 Bb7 15. Ne1 f4 16. Nd3 g5 17. Bh3 Rae8 18. cxd5 cxd5 19. Rc7 Bc8 20. Rxc8 Rxc8 21. Bxe6+ Kg7 22. Bxd7 Rc7 23. Bg4 fxg3 24. hxg3 a5 25. Kg2 Rc3 26. f3 Nf6 27. Bf5 Re8 28. Ne5 Re7 29. Nb5 Re3 1-0

[Event "POL Region-ch U13"]
[Site "Szczyrk"]
[Date "2012.10.21"]
[Round "8.3"]
[White "Domanski, Lukasz"]
[Black "Katolik, Kamil"]
[Result "1-0"]
[WhiteElo "1552"]
[BlackElo "1552"]
[PlyCount "95"]
[EventDate "2012.10.14"]
[EventType "swiss"]
[EventRounds "9"]
[EventCountry "POL"]
[SourceTitle "EXT 2023"]
[Source "ChessBase"]
[SourceDate "2022.10.05"]
[SourceVersion "1"]
[SourceVersionDate "2022.10.05"]
[SourceQuality "1"]

1. e4 d5 2. exd5 Qxd5 3. Nc3 Qa5 4. Bc4 e6 5. d3 c5 6. Nf3 Nf6 7. 0-0 a6 8. Bf4 Be7 9. Qe2 0-0 10. Ne5 b5 11. Bb3 Bb7 12. Bg3 Qb6 13. Kh1 Nc6 14. Nxc6 Qxc6 15. Rg1 Rad8 16. f4 Bd6 17. Rae1 Rfe8 18. a4 b4 19. Ne4 Nxe4 20. dxe4 Bc7 21. e5 Bb6 22. Bf2 Rd7 23. a5 Bxa5 24. Ra1 Bb6 25. Ba4 Qc7 26. Bxd7 Qxd7 27. Rad1 Qc6 28. Rd6 Qc7 29. Rgd1 Ba7 30. Rd7 Qc8 31. f5 Qc6 32. Bg1 exf5 33. R1d6 Qc8 34. Qc4 Rf8 35. e6 Kh8 36. Rd2 Bc6 37. e7 Re8 38. Rd8 Qb7 39. Bxc5 Bxc5 40. Qxc5 g6 41. Rxe8+ Bxe8 42. Rd8 Kg7 43. Rxe8 Qe4 44. h3 Qe1+ 45. Kh2 Qf1 46. Rg8+ Kh6 47. Qe3+ Kh5 48. Qf3+ 1-0

[Event "POL Region-ch U13"]
[Site "Szczyrk"]
[Date "2012.10.21"]
[Round "6.1"]
[White "Katolik, Kamil"]
[Black "Bilczewski, Kacper"]
[Result "0-1"]
[WhiteElo "1552"]
[BlackElo "1714"]
[PlyCount "68"]
[EventDate "2012.10.14"]
[EventType "swiss"]
[EventRounds "9"]
[EventCountry "POL"]
[SourceTitle "EXT 2023"]
[Source "ChessBase"]
[SourceDate "2022.10.05"]
[SourceVersion "1"]
[SourceVersionDate "2022.10.05"]
[SourceQuality "1"]

1. d4 d5 2. Nf3 Nf6 3. c4 c6 4. e3 e6 5. Nc3 Nbd7 6. Bd3 dxc4 7. Bxc4 b5 8. Bd3 Bb7 9. Bd2 a6 10. 0-0 c5 11. Rc1 c4 12. Bb1 Be7 13. Qe2 0-0 14. Rfd1 Qb8 15. a3 Nd5 16. Nxd5 exd5 17. Bc3 Nf6 18. Ne5 a5 19. g4 Qc7 20. Kg2 Bd6 21. Rh1 b4 22. axb4 axb4 23. Bd2 Bxe5 24. dxe5 Qxe5 25. Bxb4 d4+ 26. f3 d3 27. Qd2 Rfe8 28. Kf2 Qd5 29. e4 Qd4+ 30. Kg3 Rxe4 31. fxe4 Nxe4+ 32. Kh3 Nxd2 33. Rhe1 Qf2 34. Bxd2 Bg2# 0-1